000 00614nam a22002297a 4500
999 _c7029
_d7029
001 7029
003 BD-JhCC
005 20180416095833.0
008 180204b xxu||||| |||| 00| 0 eng d
035 _a(BD-JhCC)7029
040 _aBD-JhCC
_dBD-JhCC
041 _aeng
082 _a425
_bATE 1996
100 _aMohiuddin, A. H. M.
245 _aA text- Book of Advanced Functional English /
_cA. H. M. Mohiuddin, A. F. M. Abul Kasem
260 _aDhaka :
_bIdeal Library,
_c1996.
300 _a422 p. :
650 _aEnglish Language
700 _aKasem, A. F. M. Abul
942 _2ddc
_cBK